MARC details
| 000 -CABECERA |
| campo de control de longitud fija |
01122nam a2200217 u 4500 |
| 005 - FECHA Y HORA DE LA ÚLTIMA TRANSACCIÓN |
| campo de control |
20220819103546.0 |
| 008 - ELEMENTOS DE LONGITUD FIJA--INFORMACIÓN GENERAL |
| campo de control de longitud fija |
191112s2004 mx a r 000 0 spa d |
| 035 ## - NÚMERO DE CONTROL DEL SISTEMA |
| Número de control de sistema |
UPN01000234006 |
| 040 ## - FUENTE DE LA CATALOGACIÓN |
| Centro catalogador/agencia de origen |
MX-MxUPN |
| Lengua de catalogación |
spa |
| Centro/agencia transcriptor |
MX-MxUPN |
| 050 #4 - SIGNATURA TOPOGRÁFICA DE LA BIBLIOTECA DEL CONGRESO |
| Número de clasificación |
ND258 |
| Número de documento/Ítem |
V57 |
| 245 10 - MENCIÓN DE TÍTULO |
| Título |
Visión comtemporanea de la plástica de la revolución mexicana / |
| Resto del título |
presentación de la Dra. Guadalupe Rivera Marín ; prólogo del Dr. Gerardo Estrada Rodríguez. |
| 260 ## - PUBLICACIÓN, DISTRIBUCIÓN, ETC. |
| Lugar de publicación, distribución, etc. |
México : |
| Nombre del editor, distribuidor, etc. |
Secretaría de Gobernación : |
| -- |
Instituto de Estudios Históricos de la Revolución Mexicana : |
| -- |
Consejo Nacional para la Cultura y las Artes, Instituto Nacional de Bellas Artes : |
| -- |
Polyforum Cultural Siqueiros, |
| Fecha de publicación, distribución, etc. |
199? |
| 300 ## - DESCRIPCIÓN FÍSICA |
| Extensión |
28 páginas : |
| Otras características físicas |
ilustraciones (principalmente en blanco y negro) |
| 650 #0 - ASIENTO SECUNDARIO DE MATERIA - TERMINO TEMATICO |
| 9 (RLIN) |
45461 |
| Término de materia o nombre geográfico como elemento de entrada |
Pintura mural mexicana |
| 651 #0 - ASIENTO SECUNDARIO DE MATERIA - NOMBRE GEOGRAFICO |
| 9 (RLIN) |
45462 |
| Nombre geográfico |
México |
| Subdivisión general |
Historia |
| Subdivisión cronológica |
Revolución, 1910-1920 |
| Subdivisión general |
Arte y revolución |
| 700 1# - ASIENTO SECUNDARIO--NOMBRE DE PERSONAL |
| 9 (RLIN) |
43665 |
| Nombre de persona |
Rivera Marín, Guadalupe, |
| Fechas asociadas al nombre |
1924- |
| Término indicativo de función/relación |
autora de la presentación |
| 700 1# - ASIENTO SECUNDARIO--NOMBRE DE PERSONAL |
| Nombre de persona |
Estrada Rodríguez, Gerardo, |
| Fechas asociadas al nombre |
1946- |
| Término indicativo de función/relación |
escritor de prólogo |
| 9 (RLIN) |
45463 |
| 905 ## - TIPO DE MATERIAL |
| Tipo de material |
Folleto |
| 942 ## - ELEMENTOS DE PUNTO DE ACCESO ADICIONAL (KOHA) |
| Suprimir en OPAC |
No |
| Tipo de ítem Koha |
Folleto |
| Fuente del sistema de clasificación o colocación |
Library of Congress Classification |